| 000 | 00429 a2200145 4500 | ||
|---|---|---|---|
| 999 |
_c4339 _d4339 |
||
| 020 | _a0340811234 | ||
| 050 | _aLB 2844.1 KAM 2003 | ||
| 100 |
_aKamen, Teena _eAuthor |
||
| 245 |
_aTeaching assistant's handbook / _cTeena Kamen |
||
| 264 |
_aUnited Kingdom: _bHodder and Stoughton, _c2003 |
||
| 300 |
_avi, 250p. : _bill. |
||
| 500 | _aIncludes index | ||
| 650 |
_aTeachers' assistants _xHandbooks |
||
| 942 |
_2lcc _cBK _h2844.1 _iKAM _kLB |
||